=LDR 00000nam 2200000 4500 =001 INLIS000000000025009 =005 20130612123541 =008 ***********************************Ind** =035 ##$$0010-061300000025009 =041 ##$$a Ind =082 ##$$a 2X6 =090 ##$$a 2X6, Abe n =245 ##$$a Negara tuhan =260 ##$$a 2004 $b yogyakarta =300 ##$$a 984 hlm, 23 cm =650 ##$$a Negara tuhan =850 ##$$a NBPNMAT